000 00755nam a2200181Ia 4500
008 151018s9999 xx 000 0 und d
082 _bRBASDV22621
_a891.464
100 _aसरोजिनी शारंगपाणी
245 _a"गुन्हे,गुन्हेगार आणि शासन"
250 _b1
260 _bकल्पना प्रकाशन नांदेड
_c1990
300 _a368
600 _aसरोजिनी शारंगपाणी
630 _a"गुन्हे,गुन्हेगार आणि शासन"
700 _aसरोजिनी शारंगपाणी
730 _a"गुन्हे,गुन्हेगार आणि शासन"
942 _cBOOK
999 _c1022289
_d1022286